000 00507 a2200169 4500
003 OSt
005 20231017150348.0
008 231017b |||||||| |||| 00| 0 eng d
020 _a9789383756346
040 _coclc
082 _a892.78
_bMUN/B
100 _aMuneer, M K
_91782
245 _aBHEEGARATHA PARASPARAM PALOOTTUNNA SHATHRUKKAL /
_cDr. M K Muneer
260 _aKozhikode:
_bOlive Publications,
_c2014.
300 _a233 p
942 _2ddc
_cBK
_h892.78
_iMUN/B
_k892.78
_mMUN/B
999 _c42714
_d42714